Stoletou alejí : o české próze minulého věku /

Hlavní autor: Janáčková, Jaroslava, 1930-2024
Jazyk: Čeština
Vydáno: Praha : Československý spisovatel, 1985
Vydání: 1. vyd.
Témata:
Externí odkaz: Digitalizovan dokument
Fyzický popis: 292 s.
Knihy
Uloženo v:
LEADER 01400nam a22003612a 4500
001 000066872
003 CZ BrMZK
005 20181011103659.0
007 ta
008 950407s1985 xr e cze d
040 |a BOA001  |b cze 
045 |a w-w- 
072 7 |a 821.162.3.09  |x Česká literatura (o ní)  |2 Konspekt  |9 11 
080 |a 821.162.3-3  |2 MRF 
080 |a 82.07  |2 MRF 
080 |a 82.09  |2 MRF 
080 |a (048.8)  |2 MRF 
100 1 |a Janáčková, Jaroslava,  |d 1930-2024  |7 jk01050748  |4 aut 
245 1 0 |a Stoletou alejí :  |b o české próze minulého věku /  |c Jaroslava Janáčková 
250 |a 1. vyd. 
260 |a Praha :  |b Československý spisovatel,  |c 1985 
300 |a 292 s. 
648 7 |a 19. století  |7 ch460557  |2 czenas 
650 0 7 |a česká próza  |7 ph116861  |y 19. století  |2 czenas 
650 0 7 |a interpretace a přijetí literárního díla  |7 ph137145  |2 czenas 
650 0 7 |a literárněvědné rozbory  |7 ph138745  |2 czenas 
655 7 |a studie  |7 fd133597  |2 czenas 
856 4 1 |u https://www.digitalniknihovna.cz/mzk/uuid/uuid:a69874e0-3271-11e4-8e0d-005056827e51  |y Digitalizovan dokument 
910 |a BOA001  |b PK-0102.956  |b 2-0904.245 
920 |a 000132152 
990 |a BK 
996 7 |b 2619975587  |c 2-0904.245  |l MZK  |r Sklad / do 1 hodiny  |n 112  |w 000066872  |u 000020  |a 1  |e BOA001  |j MZK50  |s A 
996 7 |b 3119961036  |c PK-0102.956  |l MZK  |r Sklad / do 1 hodiny  |n 89  |w 000066872  |u 000010  |a 1  |e BOA001  |j MZK50  |s A